| 000 | 01449nam a22002657a 4500 | ||
|---|---|---|---|
| 003 | NALT | ||
| 005 | 20210810153209.0 | ||
| 008 | s2543 th tha d | ||
| 040 | _aNALT | ||
| 041 | _atha | ||
| 090 | _aว RA1211 ว317น 2543 | ||
| 100 | 0 | _aวรรณี พฤฒิถาวร | |
| 245 | 1 | 0 |
_aแนวคิดการประสานงานการสร้างความปลอดภัยด้านสารเคมีและวัตถุอันตราย / _cวรรณี พฤฒิถาวร. |
| 246 | _aConcept for cooperative management in chemical safty | ||
| 260 | 3 |
_aกรุงเทพฯ : _bสำนักงานกองทุนสนับสนุนการวิจัย, _c2543 |
|
| 300 |
_a1 เล่ม : _b ตาราง ; _c 29 ซม. |
||
| 650 | 0 | 4 | _aวัตถุมีพิษ -- วิจัย |
| 650 | 0 | 4 | _aวัตถุอันตราย -- กฎหมายและระเบียบข้อบังคับ -- วิจัย |
| 650 | 0 | 4 | _aวัตถุอันตราย -- การป้องกันและควบคุม -- วิจัย |
| 650 | 0 | 4 | _aวัตถุอันตราย -- วิจัย |
| 650 | 0 | 4 | _aสารพิษ -- กฎหมายและระเบียบข้อบังคับ -- วิจัย |
| 850 | _aNALT | ||
| 942 |
_cRSH _2lcc |
||
| 998 |
_bSUKUNYA _j109 _k อารีรัตน์ วิชาช่าง |
||
| 999 |
_c30610 _d30610 |
||